|
|
|
|
| LEADER |
02342nam a2200457 a 4500 |
| 001 |
EBC353320 |
| 003 |
MiAaPQ |
| 005 |
20191030193358.0 |
| 006 |
m o d | |
| 007 |
cr cn||||||||| |
| 008 |
080416s2008 njua sb 001 0 eng |
| 010 |
|
|
|z 2008014508
|
| 015 |
|
|
|a GBA861264
|2 bnb
|
| 016 |
7 |
|
|z 014601516
|2 Uk
|
| 020 |
|
|
|z 9780470371909 (cloth)
|
| 020 |
|
|
|z 9781118266892
|
| 020 |
|
|
|z 0470371900 (cloth)
|
| 020 |
|
|
|a 9780470403273 (electronic bk.)
|
| 035 |
|
|
|a (MiAaPQ)EBC353320
|
| 035 |
|
|
|a (Au-PeEL)EBL353320
|
| 035 |
|
|
|a (CaPaEBR)ebr10249143
|
| 035 |
|
|
|a (CaONFJC)MIL174435
|
| 035 |
|
|
|a (OCoLC)317384541
|
| 040 |
|
|
|a MiAaPQ
|c MiAaPQ
|d MiAaPQ
|
| 050 |
|
4 |
|a HG4028.A84
|b F325 2008
|
| 082 |
0 |
4 |
|a 332.63/2
|2 22
|
| 100 |
1 |
|
|a Fabozzi, Frank J.
|
| 245 |
1 |
0 |
|a Introduction to securitization
|h [electronic resource] /
|c Frank J. Fabozzi, Vinod Kothari.
|
| 260 |
|
|
|a Hoboken, N.J. :
|b John Wiley & Sons,
|c c2008.
|
| 300 |
|
|
|a xvii, 366 p. :
|b ill.
|
| 490 |
1 |
|
|a The Frank J. Fabozzi series
|
| 504 |
|
|
|a Includes bibliographical references (p. 343-347) and index.
|
| 505 |
0 |
|
|a Introduction -- Issuer motivation for securitizing assets and the goals of securitizing -- Structuring agency MBS deals -- Structuring nonagency deals -- Credit enhancements -- Use of interest rate derivatives in securitization transactions -- Operational issues in securitization -- Collateral classes in ABS : retail loans -- Asset-backed commercial paper conduits and other structured vehicles -- Securitization of future cash flows : future revenues, operating revenues, and insurance profits -- Introduction to collateralized debt obligations -- Types of collateralized debt obligations -- Structuring and analysis of CDOs -- Benefits of securitization to financial markets and economies -- Concerns with securitization's impact on financial markets and economies.
|
| 533 |
|
|
|a Electronic reproduction. Ann Arbor, MI : ProQuest, 2016. Available via World Wide Web. Access may be limited to ProQuest affiliated libraries.
|
| 650 |
|
0 |
|a Asset-backed financing.
|
| 650 |
|
0 |
|a Securities.
|
| 655 |
|
4 |
|a Electronic books.
|
| 700 |
1 |
|
|a Kothari, Vinod.
|
| 710 |
2 |
|
|a ProQuest (Firm)
|
| 830 |
|
0 |
|a Frank J. Fabozzi series.
|
| 856 |
4 |
0 |
|u https://ebookcentral.proquest.com/lib/matrademy/detail.action?docID=353320
|z Click to View
|